|
|
|
|
| LEADER |
01095nam a2200289 a 4500 |
| 001 |
35333 |
| 003 |
BD-DhAAL |
| 005 |
20211129145123.0 |
| 008 |
190908t1990 nyua b 001 0 eng d |
| 999 |
|
|
|c 41142
|d 41142
|
| 010 |
|
|
|a 89048908
|
| 020 |
|
|
|a 007557053X
|
| 040 |
|
|
|a DLC
|c DLC
|d DLC
|d BD-DhAAL
|
| 043 |
|
|
|a n-us---
|
| 050 |
0 |
0 |
|a LB1139.4
|b .K76 1990
|
| 082 |
0 |
0 |
|a 372.19
|2 20
|
| 100 |
1 |
|
|a Krogh, Suzanne.
|9 34146
|
| 245 |
1 |
4 |
|a The integrated early childhood curriculum /
|c Suzanne Krogh.
|
| 260 |
|
|
|a New York :
|b McGraw-Hill,
|c c1990.
|
| 300 |
|
|
|a xi, 414 pages :
|b illustrations ;
|c 24 cm.
|
| 504 |
|
|
|a Includes bibliographical references and index.
|
| 526 |
|
|
|a BIED
|
| 541 |
|
|
|a Complimentary copy from BIED
|e 35333
|
| 650 |
|
0 |
|a Early childhood education
|x Curricula
|z United States.
|9 34147
|
| 852 |
|
|
|a Ayesha Abed Library
|c BIED Collection
|
| 942 |
|
|
|2 ddc
|c BK
|
| 952 |
|
|
|0 0
|1 0
|2 ddc
|4 0
|6 372_190000000000000_KRO
|7 0
|9 66168
|a BRACUL
|b BRACUL
|c GEN
|d 2019-09-08
|e Complimentary copy from BIED
|l 0
|o 372.19 KRO
|p 3010035333
|r 2019-09-08
|t 1
|w 2019-09-08
|y BK
|x Transferred from BIED to General Stacks
|